000 004670000a22001930004500
001 001122
003 MACL
005 20151206160107.0
008 151206b xxu||||| |||| 00| 0 eng d
040 _aMACL
_cMACL
041 _aEnglish
082 _a741.642
100 _aNational Book Trust
_9337
245 _aTrees
_bAn Ecology book
260 _aNational Book Trust India,
_c1995
350 _a23
650 _aChildren's Book
_919643
942 _k741.642
_cBK
_2ddc
999 _c1117
_d1117